000
00283nam a22001217a 4500
020
_a
81-8388-319-2
082
_a
000
_b
SPI/G
100
_a
SPIDER BOOKS
245
_a
MY PRE-SCHOOL BOOK OF GOOD MANNERS
260
_a
CHENNAI
_b
SPIDER BOOKS
650
_a
PICTURE BOOK
_z
INDIA
942
_c
BK
999
_c
4684
_d
4684